000 00964nas a2200313 4500
001 BR2010005583
003 BR-BrBNA
005 20231205114819.0
007 ta
008 230509b bl.|||p| |||| 00| 00por d
040 _aBR-BrBNA
_bpor
_cBiblioteca Nacional de Agricultura
041 _a(Pt)
072 _aL01; E70
100 1 _aChristofari, L.F.
100 1 _aBarcellos, J.O.J.
100 1 _aBraccini Neto, J.
100 1 _aOaigen, R.P.
100 1 _aSantos, A.P.
100 1 _aCanozzi, M.E.a.
245 1 _aEfeitos do peso vivo sobre a comercialização de bezerros de corte em leilões
650 _aGADO DE CORTE
650 _aPESO
650 _aCOMERCIALIZAÇÃO
650 _aRENDIMENTO
650 _aPRODUÇÃO ANIMAL
773 0 _tArquivo Brasileiro de Medicina Veterinária e Zootecnia (Brazil)
_xISSN 0102-0935
_g(Apr 2010), v. 62(2) p. 419-428
_wBR2010005583
909 _a202311
_bLúcia
_c55
_dLúcia Elande
942 _2AGRIS
_n0
_cANA
999 _c210629
_d210629